00951nam a2200313 b 450000100090000000300090000900500170001800700090003500800410004401600130008501700090009802000140010703500060012104000250012704100110015208000060016310000380016924000400020724500800024726000460032730000240037349000260039783000250042394200120044894500270046095200960048795600390058399900150062200483542DO-SdBNP20180213134621.000483542960619s1974 sp | ||| ||spa 7 a 2BPMSU a b  a842260573 a  aBPMSUbspacBPMSUe 1 aspah  a 1 aCooper, James Fenimored1789-185114aThe last of the MohicanslEspañol13aEl último mohicano /cJames Fenimore Cooper : ilustración ballestar h  aBarcelona : bCírculo de Lectoresc1974 a255 p. : b c23 cm aCirculos de lectores  pCirculo de lectores  2ddccBK aInventariado, 2018/ YL 00102ddc40708CGaBPMETbBPMETd2016-03-21l0pBPMSU16030216r2016-03-21w2016-03-21yBK 2VMATEO3106201603218BPMSUa00151 c9335d9335